| 000 | 01010nam a22002657a 4500 | ||
|---|---|---|---|
| 001 | 7330 | ||
| 003 | FISKH | ||
| 005 | 20260304090712.0 | ||
| 008 | 250709b cb ||||| |||| 00| 0 eng d | ||
| 020 | _a9789833578917 | ||
| 040 |
_aFISKH _beng _cFISKH _dFISKH |
||
| 050 | _aPZ7 | ||
| 082 | _a307.336 | ||
| 100 | _aAnonymous | ||
| 245 | _aMy Neighbours / | ||
| 260 |
_aSasbadi : _bFuture Ace Publishing, _c2010. |
||
| 300 |
_a24 pages : _bcolor illustrations ; _c26 cm |
||
| 505 | _aE | ||
| 520 | _aThis early childhood book introduces young readers to the roles and jobs of different people in their neighborhood, such as a doctor, teacher, musician, chef, and painter. Through colorful illustrations, the book aims to help children recognize and appreciate various community helpers in their everyday lives. | ||
| 521 | 8 |
_a200
_bLexile estimate |
|
| 521 | 8 |
_aE
_bRaz-Plus |
|
| 650 |
_aCommunity Helpers _vEarly Learning _xOccupations _yNeighbors |
||
| 942 |
_2ddc _cBK _n0 |
||
| 999 |
_c7330 _d7330 |
||